| 000 | 01185cam a22002537a 4500 | ||
|---|---|---|---|
| 001 | 000001280 | ||
| 005 | 20250916134336.0 | ||
| 008 | 690213s1968 nyuab 001 0 eng | ||
| 040 |
_aDO-SdBNP _bspa _cBNPHU |
||
| 082 |
_a303.623 _bW177r |
||
| 100 | 1 |
_aWalker, Daniel, _d1922- _94337 |
|
| 245 | 1 | 0 |
_aRights in conflict : _bthe violent confrontation of demonstrators and police in the parks and streets of Chicago during the week of the Democratic National Convention of 1968. A report / _cDaniel Walker ; introducción, Max Frankel. |
| 260 |
_aNew York : _bBantman Books, _c1968. |
||
| 300 |
_axx, 362 p. : _bil., mapas ; _c18 cm. |
||
| 500 | _aComunmente conocido como el informe de Walker. | ||
| 650 | 4 |
_aSedición milital _94338 |
|
| 650 | 4 |
_aConflicto _94339 |
|
| 650 | 0 |
_aViolencia _91750 |
|
| 650 | 4 |
_aPolicía _94340 |
|
| 611 | 2 | 4 |
_aCONVENCIÓN NACIONAL DEMÓCRATA _d(1968 _cCHICAGO, ILLl.) _94341 |
| 740 | 0 | _aWalker informe sobre los violentos enfrentamientos de manifestantes y la policía en los parques y las calles de Chicago | |
| 710 | 1 |
_aEstados Unidos. _bComisión Nacional sobre las Causas y la Prevención de la Violencia. _94342 |
|
| 700 | 1 |
_aFrankel, Max, _eIntrod. _94343 |
|
| 999 |
_c1223 _d1223 |
||